BASIC & CLINICAL PHARMACOLOGY (Record no. 34901)

MARC details
000 -LEADER
fixed length control field 00378nam a22001697a 4500
003 - CONTROL NUMBER IDENTIFIER
control field SGT
020 ## - INTERNATIONAL STANDARD BOOK NUMBER
International Standard Book Number 9780070677258
082 ## - DEWEY DECIMAL CLASSIFICATION NUMBER
Classification number 615
Item number B09K
100 ## - MAIN ENTRY--PERSONAL NAME
Personal name KATZUNG, BERTRAM G.
245 ## - TITLE STATEMENT
Title BASIC & CLINICAL PHARMACOLOGY
250 ## - EDITION STATEMENT
Edition statement 11TH
260 ## - PUBLICATION, DISTRIBUTION, ETC. (IMPRINT)
Place of publication, distribution, etc NEW DELHI
Name of publisher, distributor, etc MC GRAWHILL
Year of Publication 2009
300 ## - PAGE DESCRIPTION
No. of Pages 1218
650 ## - SUBJECT ADDED ENTRY--TOPICAL TERM
Topical term or geographic name as entry element PHARMACOLOGY
942 ## - ADDED ENTRY ELEMENTS (KOHA)
Source of classification or shelving scheme Dewey Decimal Classification
Koha item type Books
Holdings
Withdrawn status Lost status Source of classification or shelving scheme Damaged status Not for loan Collection code Home library Current library Shelving location Date acquired SGTU Total Checkouts Full call number Accession No. (Barcode) Date last seen Bill Date Koha item type
    Dewey Decimal Classification   Not For Loan MEDICAL SGT Medical Library SGT Medical Library Reference Book 12/02/2010 SGTU   615 B09K FM1248 28/05/2026 28/05/2026 Books